000 00964nam a2200205 i 4500
001 26294
003 ES-MaACL
005 20230906153422.0
007 t|
008 030108s1891 sp ||||1| spa d
245 0 0 _aAvance estadístico sobre el cultivo cereal y de leguminosas asociadas en España /
_cformado por la Junta Consultiva Agronómica, 1890, quinquenio de 1886 a 1890, ambos inclusive.
260 _aMadrid :
_b[s.n.],
_c1891 (
_fL. Peaut e Hijos)
300 _a3 v. (480, 614, 608 p.), [1] h. de mapas pleg. ;
_c28 cm.
500 _aPrecede al tít.: Dirección General de Agricultura, Industria y Comercio.
505 8 _aContiene: T. 1. Álava-Cuenca -- T. 2. Gerona-Pontevedra -- T. 3. Salamanca-Zaragoza
650 4 _aCereales-
_zEspaña-
_vEstadísticas.
_9152295
650 4 _aLegumbres-
_zEspaña-
_vEstadísticas.
_9152296
710 1 _aEspaña.
_bDirección General de Agricultura, Industria y Comercio.
_93869
852 _aES-MaACL
_jF-3243-45
999 _c26294
_d26294